<?xml version="1.0" encoding="UTF-8"?>
<collection xmlns="http://www.loc.gov/MARC21/slim">
 <record>
  <leader>05205cam a2200925   4500</leader>
  <controlfield tag="001">1013960475</controlfield>
  <controlfield tag="003">DE-627</controlfield>
  <controlfield tag="005">20241022100357.0</controlfield>
  <controlfield tag="007">tu</controlfield>
  <controlfield tag="008">180710s2018    gw ||||| m    00| ||ger c</controlfield>
  <datafield tag="015" ind1=" " ind2=" ">
   <subfield code="a">18,N07</subfield>
   <subfield code="2">dnb</subfield>
  </datafield>
  <datafield tag="016" ind1="7" ind2=" ">
   <subfield code="a">1151896985</subfield>
   <subfield code="2">DE-101</subfield>
  </datafield>
  <datafield tag="020" ind1=" " ind2=" ">
   <subfield code="a">9783110554847</subfield>
   <subfield code="c"> : Festeinband : EUR 119.95 (DE), EUR 119.95 (AT)</subfield>
   <subfield code="9">978-3-11-055484-7</subfield>
  </datafield>
  <datafield tag="020" ind1=" " ind2=" ">
   <subfield code="a">3110554844</subfield>
   <subfield code="c"> : Festeinband : EUR 119.95 (DE), EUR 119.95 (AT)</subfield>
   <subfield code="9">3-11-055484-4</subfield>
  </datafield>
  <datafield tag="024" ind1="3" ind2=" ">
   <subfield code="a">9783110554847</subfield>
  </datafield>
  <datafield tag="035" ind1=" " ind2=" ">
   <subfield code="a">(DE-627)1013960475</subfield>
  </datafield>
  <datafield tag="035" ind1=" " ind2=" ">
   <subfield code="a">(DE-576)507433688</subfield>
  </datafield>
  <datafield tag="035" ind1=" " ind2=" ">
   <subfield code="a">(DE-599)DNB1151896985</subfield>
  </datafield>
  <datafield tag="035" ind1=" " ind2=" ">
   <subfield code="a">(OCoLC)1024081044</subfield>
  </datafield>
  <datafield tag="035" ind1=" " ind2=" ">
   <subfield code="a">(OCoLC)1038770314</subfield>
  </datafield>
  <datafield tag="040" ind1=" " ind2=" ">
   <subfield code="a">DE-627</subfield>
   <subfield code="b">ger</subfield>
   <subfield code="c">DE-627</subfield>
   <subfield code="e">rda</subfield>
  </datafield>
  <datafield tag="041" ind1=" " ind2=" ">
   <subfield code="a">ger</subfield>
  </datafield>
  <datafield tag="044" ind1=" " ind2=" ">
   <subfield code="c">XA-DE-BE</subfield>
   <subfield code="c">XD-US</subfield>
  </datafield>
  <datafield tag="082" ind1="0" ind2=" ">
   <subfield code="a">676.0940902</subfield>
   <subfield code="q">DE-101</subfield>
  </datafield>
  <datafield tag="082" ind1="0" ind2="4">
   <subfield code="a">670</subfield>
   <subfield code="q">DE-101</subfield>
  </datafield>
  <datafield tag="084" ind1=" " ind2=" ">
   <subfield code="a">AM 32800</subfield>
   <subfield code="2">rvk</subfield>
   <subfield code="0">(DE-625)rvk/4265:</subfield>
  </datafield>
  <datafield tag="084" ind1=" " ind2=" ">
   <subfield code="a">NZ 71500</subfield>
   <subfield code="q">DE-24/20sred</subfield>
   <subfield code="2">rvk</subfield>
   <subfield code="0">(DE-625)rvk/162735:</subfield>
  </datafield>
  <datafield tag="084" ind1=" " ind2=" ">
   <subfield code="a">523</subfield>
   <subfield code="2">bwlb</subfield>
  </datafield>
  <datafield tag="084" ind1=" " ind2=" ">
   <subfield code="a">58.47</subfield>
   <subfield code="2">bkl</subfield>
  </datafield>
  <datafield tag="084" ind1=" " ind2=" ">
   <subfield code="a">15.55</subfield>
   <subfield code="2">bkl</subfield>
  </datafield>
  <datafield tag="100" ind1="1" ind2=" ">
   <subfield code="a">Schultz, Sandra</subfield>
   <subfield code="e">VerfasserIn</subfield>
   <subfield code="0">(DE-588)106804022X</subfield>
   <subfield code="0">(DE-627)819572896</subfield>
   <subfield code="0">(DE-576)42719394X</subfield>
   <subfield code="4">aut</subfield>
  </datafield>
  <datafield tag="245" ind1="1" ind2="0">
   <subfield code="a">Papierherstellung im deutschen Südwesten</subfield>
   <subfield code="b">ein neues Gewerbe im späten Mittelalter</subfield>
   <subfield code="c">Sandra Schultz</subfield>
  </datafield>
  <datafield tag="263" ind1=" " ind2=" ">
   <subfield code="a">201803</subfield>
  </datafield>
  <datafield tag="264" ind1=" " ind2="1">
   <subfield code="a">Berlin</subfield>
   <subfield code="a">Boston</subfield>
   <subfield code="b">De Gruyter</subfield>
   <subfield code="c">[2018]</subfield>
  </datafield>
  <datafield tag="264" ind1=" " ind2="4">
   <subfield code="c">© 2018</subfield>
  </datafield>
  <datafield tag="300" ind1=" " ind2=" ">
   <subfield code="a">XIV, 616 Seiten</subfield>
   <subfield code="b">Illustrationen</subfield>
   <subfield code="c">24 cm x 17 cm</subfield>
  </datafield>
  <datafield tag="336" ind1=" " ind2=" ">
   <subfield code="a">Text</subfield>
   <subfield code="b">txt</subfield>
   <subfield code="2">rdacontent</subfield>
  </datafield>
  <datafield tag="337" ind1=" " ind2=" ">
   <subfield code="a">ohne Hilfsmittel zu benutzen</subfield>
   <subfield code="b">n</subfield>
   <subfield code="2">rdamedia</subfield>
  </datafield>
  <datafield tag="338" ind1=" " ind2=" ">
   <subfield code="a">Band</subfield>
   <subfield code="b">nc</subfield>
   <subfield code="2">rdacarrier</subfield>
  </datafield>
  <datafield tag="490" ind1="1" ind2=" ">
   <subfield code="a">Materiale Textkulturen</subfield>
   <subfield code="v">Band 18</subfield>
  </datafield>
  <datafield tag="502" ind1=" " ind2=" ">
   <subfield code="b">Dissertation</subfield>
   <subfield code="c">Ruprecht-Karls-Universität Heidelberg</subfield>
   <subfield code="d">2016</subfield>
  </datafield>
  <datafield tag="583" ind1="1" ind2=" ">
   <subfield code="a">Archivierung/Langzeitarchivierung gewährleistet</subfield>
   <subfield code="f">DISS</subfield>
   <subfield code="x">XA-DE-BW</subfield>
   <subfield code="2">pdager</subfield>
   <subfield code="5">DE-16</subfield>
  </datafield>
  <datafield tag="648" ind1=" " ind2="7">
   <subfield code="a">Geschichte 1268-1500</subfield>
   <subfield code="2">gnd</subfield>
   <subfield code="7">(dpeaa)DE-631</subfield>
  </datafield>
  <datafield tag="648" ind1=" " ind2="4">
   <subfield code="a">Mittelalter 1268-1500</subfield>
   <subfield code="0">(DE-631)36492</subfield>
   <subfield code="7">(dpeaa)DE-631</subfield>
  </datafield>
  <datafield tag="650" ind1="0" ind2="7">
   <subfield code="0">(DE-588)4133849-2</subfield>
   <subfield code="0">(DE-627)105677108</subfield>
   <subfield code="0">(DE-576)209647345</subfield>
   <subfield code="a">Gewerbe</subfield>
   <subfield code="2">gnd</subfield>
   <subfield code="7">(dpeaa)DE-631</subfield>
  </datafield>
  <datafield tag="650" ind1="0" ind2="7">
   <subfield code="0">(DE-588)4075847-3</subfield>
   <subfield code="0">(DE-627)106084712</subfield>
   <subfield code="0">(DE-576)209199776</subfield>
   <subfield code="a">Papierherstellung</subfield>
   <subfield code="2">gnd</subfield>
   <subfield code="7">(dpeaa)DE-631</subfield>
  </datafield>
  <datafield tag="650" ind1="0" ind2="7">
   <subfield code="0">(DE-588)7503823-7</subfield>
   <subfield code="0">(DE-627)700202870</subfield>
   <subfield code="0">(DE-576)253242045</subfield>
   <subfield code="a">Spätmittelalter</subfield>
   <subfield code="2">gnd</subfield>
   <subfield code="7">(dpeaa)DE-631</subfield>
  </datafield>
  <datafield tag="650" ind1="0" ind2="7">
   <subfield code="0">(DE-588)4173213-3</subfield>
   <subfield code="0">(DE-627)105381705</subfield>
   <subfield code="0">(DE-576)209948663</subfield>
   <subfield code="a">Papiermühle</subfield>
   <subfield code="2">gnd</subfield>
   <subfield code="7">(dpeaa)DE-631</subfield>
  </datafield>
  <datafield tag="650" ind1="0" ind2="7">
   <subfield code="0">(DE-588)4023299-2</subfield>
   <subfield code="0">(DE-627)104347007</subfield>
   <subfield code="0">(DE-576)208948392</subfield>
   <subfield code="a">Handwerk</subfield>
   <subfield code="2">gnd</subfield>
   <subfield code="7">(dpeaa)DE-631</subfield>
  </datafield>
  <datafield tag="650" ind1=" " ind2="4">
   <subfield code="a">Wirtschaftsgeschichte</subfield>
   <subfield code="0">(DE-631)21154</subfield>
   <subfield code="7">(dpeaa)DE-631</subfield>
  </datafield>
  <datafield tag="651" ind1=" " ind2="7">
   <subfield code="0">(DE-588)4004176-1</subfield>
   <subfield code="0">(DE-627)106387154</subfield>
   <subfield code="0">(DE-576)208854444</subfield>
   <subfield code="a">Baden-Württemberg</subfield>
   <subfield code="2">gnd</subfield>
   <subfield code="7">(dpeaa)DE-631</subfield>
  </datafield>
  <datafield tag="655" ind1=" " ind2="7">
   <subfield code="a">Hochschulschrift</subfield>
   <subfield code="0">(DE-588)4113937-9</subfield>
   <subfield code="0">(DE-627)105825778</subfield>
   <subfield code="0">(DE-576)209480580</subfield>
   <subfield code="2">gnd-content</subfield>
  </datafield>
  <datafield tag="689" ind1="0" ind2="0">
   <subfield code="d">g</subfield>
   <subfield code="0">(DE-588)4015701-5</subfield>
   <subfield code="0">(DE-627)104289007</subfield>
   <subfield code="0">(DE-576)208913092</subfield>
   <subfield code="a">Europa</subfield>
   <subfield code="2">gnd</subfield>
  </datafield>
  <datafield tag="689" ind1="0" ind2="1">
   <subfield code="d">s</subfield>
   <subfield code="0">(DE-588)4075847-3</subfield>
   <subfield code="0">(DE-627)106084712</subfield>
   <subfield code="0">(DE-576)209199776</subfield>
   <subfield code="a">Papierherstellung</subfield>
   <subfield code="2">gnd</subfield>
  </datafield>
  <datafield tag="689" ind1="0" ind2="2">
   <subfield code="d">s</subfield>
   <subfield code="0">(DE-588)4173213-3</subfield>
   <subfield code="0">(DE-627)105381705</subfield>
   <subfield code="0">(DE-576)209948663</subfield>
   <subfield code="a">Papiermühle</subfield>
   <subfield code="2">gnd</subfield>
  </datafield>
  <datafield tag="689" ind1="0" ind2="3">
   <subfield code="a">z</subfield>
   <subfield code="2">gnd</subfield>
   <subfield code="a">Geschichte 1375-1550</subfield>
  </datafield>
  <datafield tag="689" ind1="0" ind2=" ">
   <subfield code="5">DE-101</subfield>
  </datafield>
  <datafield tag="751" ind1=" " ind2=" ">
   <subfield code="a">Heidelberg</subfield>
   <subfield code="0">(DE-588)4023996-2</subfield>
   <subfield code="0">(DE-627)106300814</subfield>
   <subfield code="0">(DE-576)208952578</subfield>
   <subfield code="4">uvp</subfield>
  </datafield>
  <datafield tag="776" ind1="1" ind2=" ">
   <subfield code="z">9783110583717</subfield>
   <subfield code="c"> :  (PDF)</subfield>
  </datafield>
  <datafield tag="776" ind1="1" ind2=" ">
   <subfield code="z">9783110601725</subfield>
   <subfield code="c"> :  (EPUB)</subfield>
  </datafield>
  <datafield tag="776" ind1="0" ind2="8">
   <subfield code="i">Erscheint auch als</subfield>
   <subfield code="n">Online-Ausgabe</subfield>
   <subfield code="a">Schultz, Sandra</subfield>
   <subfield code="t">Papierherstellung im deutschen Südwesten</subfield>
   <subfield code="d">Berlin : De Gruyter, 2018</subfield>
   <subfield code="h">1 Online-Ressource (XIV, 616 Seiten)</subfield>
   <subfield code="w">(DE-627)1024328007</subfield>
   <subfield code="z">9783110583717</subfield>
   <subfield code="z">9783110601725</subfield>
  </datafield>
  <datafield tag="776" ind1="0" ind2="8">
   <subfield code="i">Erscheint auch als</subfield>
   <subfield code="n">Online-Ausgabe</subfield>
   <subfield code="a">Schultz, Sandra</subfield>
   <subfield code="t">Papierherstellung im deutschen Südwesten</subfield>
   <subfield code="d">Berlin : De Gruyter, 2018</subfield>
   <subfield code="h">1 Online-Ressource (XIV, 616 Seiten)</subfield>
   <subfield code="w">(DE-627)1028684649</subfield>
   <subfield code="w">(DE-576)50757253X</subfield>
   <subfield code="z">9783110583717</subfield>
  </datafield>
  <datafield tag="776" ind1="0" ind2="8">
   <subfield code="i">Elektronische Reproduktion</subfield>
   <subfield code="z">9783110583717</subfield>
  </datafield>
  <datafield tag="787" ind1="0" ind2="8">
   <subfield code="i">Rezensiert in</subfield>
   <subfield code="a">Eifler, Matthias</subfield>
   <subfield code="t">Historisches Papier als Zeugnis materialer Textkultur</subfield>
   <subfield code="d">Düsseldorf : AKMB, 2019</subfield>
   <subfield code="w">(DE-627)1696837278</subfield>
  </datafield>
  <datafield tag="830" ind1=" " ind2="0">
   <subfield code="a">Materiale Textkulturen</subfield>
   <subfield code="v">Band 18</subfield>
   <subfield code="9">18</subfield>
   <subfield code="w">(DE-627)782241050</subfield>
   <subfield code="w">(DE-576)403521319</subfield>
   <subfield code="w">(DE-600)2764113-2</subfield>
   <subfield code="x">2198-6932</subfield>
   <subfield code="7">ns</subfield>
  </datafield>
  <datafield tag="856" ind1="4" ind2="2">
   <subfield code="u">http://d-nb.info/1151896985/04</subfield>
   <subfield code="m">B:DE-101</subfield>
   <subfield code="q">application/pdf</subfield>
   <subfield code="3">Inhaltsverzeichnis</subfield>
  </datafield>
  <datafield tag="856" ind1="4" ind2="2">
   <subfield code="u">https://www.degruyter.com/doc/cover/9783110554847.jpg</subfield>
   <subfield code="m">X:MVB</subfield>
  </datafield>
  <datafield tag="856" ind1="4" ind2="2">
   <subfield code="u">https://www.degruyter.com/doc/cover/9783110554847.jpg</subfield>
   <subfield code="m">X:MVB</subfield>
   <subfield code="v">2020-12-02</subfield>
   <subfield code="x">Verlag</subfield>
   <subfield code="3">Unbekannt</subfield>
  </datafield>
  <datafield tag="935" ind1=" " ind2=" ">
   <subfield code="a">BWLB</subfield>
  </datafield>
  <datafield tag="936" ind1="r" ind2="v">
   <subfield code="a">AM 32800</subfield>
   <subfield code="b">Geschichte des Papiers</subfield>
   <subfield code="k">Allgemeines</subfield>
   <subfield code="k">Schrift und Handschriftenkunde. Schriftarten und Schreiben</subfield>
   <subfield code="k">Schreibgerät, Beschreibstoffe</subfield>
   <subfield code="k">Papierkunde</subfield>
   <subfield code="k">Geschichte des Papiers</subfield>
   <subfield code="0">(DE-627)1270665758</subfield>
   <subfield code="0">(DE-625)rvk/4265:</subfield>
   <subfield code="0">(DE-576)200665758</subfield>
  </datafield>
  <datafield tag="936" ind1="r" ind2="v">
   <subfield code="a">NZ 71500</subfield>
   <subfield code="b">Allgemeines</subfield>
   <subfield code="k">Geschichte</subfield>
   <subfield code="k">Regionale Landeskunde</subfield>
   <subfield code="k">Baden-Württemberg</subfield>
   <subfield code="k">Landesgeschichte chronologisch</subfield>
   <subfield code="k">Mittelalter</subfield>
   <subfield code="k">Spätmittelalter</subfield>
   <subfield code="k">Allgemeines</subfield>
   <subfield code="0">(DE-627)1685784054</subfield>
   <subfield code="0">(DE-625)rvk/162735:</subfield>
  </datafield>
  <datafield tag="936" ind1="b" ind2="k">
   <subfield code="a">58.47</subfield>
   <subfield code="j">Zellstoffindustrie</subfield>
   <subfield code="j">Papierindustrie</subfield>
   <subfield code="0">(DE-627)106420771</subfield>
  </datafield>
  <datafield tag="936" ind1="b" ind2="k">
   <subfield code="a">15.55</subfield>
   <subfield code="j">Baden-Württemberg</subfield>
   <subfield code="x">Geschichte</subfield>
   <subfield code="q">coli-conc RVK-&gt;BK</subfield>
   <subfield code="q">https://coli-conc.gbv.de/api/mappings/58b6b720-6ba5-4068-ac06-4bb36eb8c635</subfield>
   <subfield code="0">(DE-627)181571617</subfield>
  </datafield>
  <datafield tag="951" ind1=" " ind2=" ">
   <subfield code="a">BO</subfield>
  </datafield>
  <datafield tag="990" ind1=" " ind2=" ">
   <subfield code="a">Europa</subfield>
  </datafield>
  <datafield tag="990" ind1=" " ind2=" ">
   <subfield code="a">Papierherstellung</subfield>
  </datafield>
  <datafield tag="990" ind1=" " ind2=" ">
   <subfield code="a">Papiermühle</subfield>
  </datafield>
  <datafield tag="990" ind1=" " ind2=" ">
   <subfield code="a">Geschichte 1375-1550</subfield>
  </datafield>
  <datafield tag="991" ind1=" " ind2=" ">
   <subfield code="a">Rezensiertes Werk</subfield>
  </datafield>
  <datafield tag="999" ind1=" " ind2=" ">
   <subfield code="a">KXP-PPN1013960475</subfield>
   <subfield code="e">4152963980</subfield>
  </datafield>
 </record>
</collection>
